000 01040njm a22002657a 4500
005 20100918115358.0
006 a|||||r|||||00| 0
007 sd ammalaaahaa
008 100907t xxu||||| |||| 00| 0 eng d
028 _aIND. 1001B
_bCBS
035 _aGR-03442
100 _aMadhurani
_918693
245 _aMadhurani Sings Ghalib And Others /
_cby Madhurani ; music by Anil Mohile
_h[Sound recording]
246 _aमधुरानी सिंग्स ग़ालिब एंड ओठेर्स /
260 _aDum Dum, India
_bCBS
_c1982
300 _a1 sound disc [Gramophone Recording]
_banalog, 33 1/3rpm ;
_c12 in. (LP)
_fGramaphone Records
500 _aBrief record
500 _aRecord Lables : CBS, Red
505 _aSide-1 (Dil Ko Sukoon) (Madhurani), --Side-2 (Laayee Hayat Aae ) (Madhurani)
600 _2Madhurani
650 _aGhazals
_xExcerpts
_zIndia
_918694
700 _aMohile, Anil
_920654
942 _2ddc
_cGR
999 _c46717
_d46717